Petersons principles of oral and maxillofacial surgery / (Record no. 23745)
[ view plain ]
| 000 -LEADER | |
|---|---|
| fixed length control field | 00823nam a22002415a 4500 |
| 005 - DATE AND TIME OF LATEST TRANSACTION | |
| control field | 20171126113843.0 |
| 008 - FIXED-LENGTH DATA ELEMENTS--GENERAL INFORMATION | |
| fixed length control field | 161225t2012 ii a frb 001 0 eng d |
| 020 ## - INTERNATIONAL STANDARD BOOK NUMBER | |
| International Standard Book Number | 9788123922331 (v. 1-v. 2) |
| 040 ## - CATALOGING SOURCE | |
| Original cataloging agency | EG-ScBUE |
| Language of cataloging | eng |
| Transcribing agency | EG-ScBUE |
| Modifying agency | EG-ScBUE |
| 082 04 - DEWEY DECIMAL CLASSIFICATION NUMBER | |
| Edition number | 22 |
| Classification number | 617.522 |
| Item number | PET |
| 245 00 - TITLE STATEMENT | |
| Title | Petersons principles of oral and maxillofacial surgery / |
| Statement of responsibility, etc | editor Michael Miloro ... [et al.] |
| 250 ## - EDITION STATEMENT | |
| Edition statement | 3rd ed. |
| 260 ## - PUBLICATION, DISTRIBUTION, ETC. (IMPRINT) | |
| Place of publication, distribution, etc | New Delhi : |
| Name of publisher, distributor, etc | Cbs Publishers & Distribu, |
| Date of publication, distribution, etc | c.2012. |
| 300 ## - PHYSICAL DESCRIPTION | |
| Extent | 2 v. : |
| Other physical details | ill. ; |
| Dimensions | 28 cm. |
| 504 ## - BIBLIOGRAPHY, ETC. NOTE | |
| Bibliography, etc | Includes bibliographical references and indexes. |
| 505 0# - FORMATTED CONTENTS NOTE | |
| Formatted contents note | v. 1. -- v. 2. |
| 650 #7 - SUBJECT ADDED ENTRY--TOPICAL TERM | |
| Source of heading or term | BUEsh |
| 9 (RLIN) | 35959 |
| Topical term or geographic name as entry element | Maxilla |
| General subdivision | Surgery. |
| 650 #7 - SUBJECT ADDED ENTRY--TOPICAL TERM | |
| 9 (RLIN) | 36856 |
| Topical term or geographic name as entry element | Mouth |
| General subdivision | Surgery. |
| Source of heading or term | BUEsh |
| 651 ## - SUBJECT ADDED ENTRY--GEOGRAPHIC NAME | |
| Source of heading or term | BUEsh |
| 653 ## - INDEX TERM--UNCONTROLLED | |
| Resource For college | |
| Arrived date list | December2016 |
| -- | November2017 |
| 700 1# - ADDED ENTRY--PERSONAL NAME | |
| Personal name | Miloro, Michael, |
| Relator term | editor. |
| 942 ## - ADDED ENTRY ELEMENTS (KOHA) | |
| Source of classification or shelving scheme | Dewey Decimal Classification |
| Withdrawn status | Item status | Source of classification or shelving scheme | Damaged status | Not for loan | Home library | Current library | Shelving location | Date acquired | Source of acquisition | Cost, normal purchase price | Serial Enumeration / chronology | Total Checkouts | Total Renewals | Full call number | Barcode | Date last seen | Date last borrowed | Cost, replacement price | Koha item type | Public note | Vendor |
|---|---|---|---|---|---|---|---|---|---|---|---|---|---|---|---|---|---|---|---|---|---|
| Dewey Decimal Classification | Central Library | Central Library | First floor | 25/12/2016 | Purchase | 3500.00 | 0000480 | 7 | 149 | 617.522 PET | 000040646 | 15/07/2025 | 02/10/2022 | 4375.00 | Book - Borrowing | V. 1. | |||||
| Dewey Decimal Classification | Central Library | Central Library | First floor | 26/11/2017 | Purchase | 3500.00 | 0000480 | 3 | 64 | 617.522 PET | 000042557 | 15/07/2025 | 02/12/2019 | 4375.00 | Book - Borrowing | V. 2. |